000 00256nam a2200109Ia 4500
008 210107s9999 xx 000 0 und d
100 _aDrucker, Peter
245 0 _a(The) New realities
260 _aNew York
_bHarper Business
300 _a264
942 _cBK
999 _c10676
_d10676